| 000 | 00608nam a2200229 a 4500 | ||
|---|---|---|---|
| 005 | 20210219153055.0 | ||
| 008 | 991125n 000 0 u | ||
| 035 | _aUPN01000076385 | ||
| 100 | _aJennings, Edward H. | ||
| 222 | _aCHANGE | ||
| 245 | _aEndowment policy : a suggestion for colleges and universities | ||
| 300 | _a32-41 | ||
| 362 | _a24, No. 3, 1992 | ||
| 505 | _aOCTUBRE 1992 | ||
| 653 | 0 | _aADMINISTRACION DEL DINERO | |
| 653 | 0 | _aFONDOS DE DOTACION | |
| 653 | 0 | _aINGRESOS | |
| 653 | 0 | _aINVERSION | |
| 653 | 0 | _aPOLITICA ADMINISTRATIVA | |
| 904 |
_aAC _b014196 |
||
| 905 | _aArticulo | ||
| 999 |
_c67758 _d67758 |
||